000 01021nam a22003017a 4500
001 BR7303970
003 BR-BrBNA
005 20230928084012.0
007 ta
008 230509b bl.||||| |||| 00| 0 por d
040 _aBR-BrBNA
_bpor
_cBiblioteca Nacional de Agricultura
041 _a(Por)
072 _aF22
_b/G514
090 _ F22 BR7303970
100 1 _aCarvalho, A.M. de
110 1 _aEscola Superior de Agricultura Luiz de Queiroz, Piracicaba, SP (Brasil)
_0Tese (Mestrado)
245 1 _aAnalise difratometrica da fracao argila da massa do solo e do material cutaneo em perfis de podzolico vermelho amarelo - variacao Piracicaba e terra roxa estruturada [Brasil]
260 3 _aPiracicaba, SP (Brasil):
_c1975.
300 _a52 p.
500 _a14 illus.; 39 ref.; Summaries (Eng, Por); Microficha
650 _aAnalise do solo
650 _aSolo
650 _aPodzolico vermelho amarelo
650 _aPerfil do solo
650 _aArgila
909 _a202309
_bLucia
_c55
_dLucia Elande
942 _cBK
999 _c16244
_d16244